000 00837nam a2200265Ia 4500
003 OSt
005 20220926010109.0
006 a|||||r|||| 00| 0
007 ta
008 220923b |||||||| |||| 00| 0 eng d
020 _a8185024464
037 _cGeneral Book
040 _aRTL
_cRTL
_beng
041 _2eng
_aeng
082 _aY15-72.213.N8, M8
100 _aMohan N Shantha
_9297971
245 0 _aStatus of banjara women in India
_bA study of Karnataka
260 _a New Delhi
_bUppal Publishing House
_c1988
300 _axv,163p
_ccm.
490 _aStatus of Women Series. William Carey Study and Research Centre, Publication
500 _aBibliography P 145-155
650 _aTribal Women
_9236017
942 _hY15-72.213.N8, M8
_cGB
_2CC
999 _c616378
_d616378